| Поле | Название | Значение |
| |
Тип записи |
a |
| |
Библиографический уровень |
m |
| 001 |
Контрольный номер |
RU/IS/BASE/222971289 |
| 005 |
Дата корректировки |
20250526151256.8 |
| 101 |
Язык документа |
0_ |
| a |
Язык текста |
rus |
| 200 |
Заглавие и сведения об ответственности |
1_ |
| a |
Заглавие |
Нас ждет Луна |
| 210 |
Выходные данные |
1_ |
| a |
Место издания |
Москва |
| c |
Издательство |
Сов. Россия |
| d |
Дата издания |
1964 |
| 215 |
Физическое описание |
__ |
| a |
Объем |
184 с. |
| 606 |
Тематические рубрики |
__ |
| a |
Основная рубрика |
транспорт |
| 610 |
Ключевые слова |
0_ |
| a |
Ключевые слова |
космонавтика; ракета космическая; корабль межпланетный |
| 686 |
Индексы других классификаций |
__ |
| a |
Индекс ББК |
39.6 |
| 2 |
Код системы |
rubbk |
| 700 |
Автор |
_1 |
| a |
Фамилия |
Ребров |
| b |
Имя |
М. |
| 701 |
Альтернативная интеллектуальная ответственность (другие авторы) |
_1 |
| a |
Фамилия |
Хозин |
| b |
Имя |
Г. |
| 801 |
Источник записи |
_0 |
| b |
Организация |
ЦРБ, Белый Яр |
| g |
Правила каталогизации |
PSBO |
| 852 |
Данные о местонахождении |
__ |
| j |
Шифр хранения |
39.6 |
| i |
Авторский знак |
Р 317 |
| 899 |
Данные о местонахождении |
__ |
| i |
Авторский знак |
Р 312 |
| 900 |
Макрообъекты |
__ |
| f |
|
2007.01.24 |